Stratégie adaptácie na zmenu klímy v podmienkach Európskej únie bakalárska práca

Gespeichert in:
Bibliographische Detailangaben
1. Verfasser: Birčáková, Paulína
Körperschaft: Fakulta medzinárodných vzťahov EU. Katedra medzinárodných ekonomických vzťahov a hospodárskej diplomacie
Weitere Verfasser: Černota, Mikuláš, 1979-
Format: Buch
Sprache:Slowakisch
Veröffentlicht: Bratislava 2018
Tags: Tag hinzufügen
Keine Tags, Fügen Sie das erste Tag hinzu!

MARC

LEADER 00000nbm a2200000 4500
001 0244559
005 20180810101234.8
041 0 |a slo 
044 |a SK 
245 1 0 |a Stratégie adaptácie na zmenu klímy v podmienkach Európskej únie  |b bakalárska práca  |c Paulína Birčáková ; školiteľ: Mikuláš Černota 
264 1 |a Bratislava  |c 2018 
300 |a 52 s. 
100 1 |a Birčáková, Paulína 
700 1 |a Černota, Mikuláš, 1979- 
710 2 |a Fakulta medzinárodných vzťahov EU. Katedra medzinárodných ekonomických vzťahov a hospodárskej diplomacie